Juan Pablo II. El final y el principio. La biografía más esperada del papa que cambió el curso de la Historia.
Gardado en:
| Autor Principal: | |
|---|---|
| Outros autores: | , |
| Formato: | Libro |
| Idioma: | Lingua castelá |
| Publicado: |
Barcelona, España:
Planeta,
2010.
|
| Edición: | Primera edición. |
| Series: | Planeta Testimonio.
|
| Subjects: | |
| Tags: |
Engadir etiqueta
Sen Etiquetas, Sexa o primeiro en etiquetar este rexistro!
|
MARC
| LEADER | 00000cam a2200000 a 4500 | ||
|---|---|---|---|
| 001 | UCD6737 | ||
| 003 | CL-VaPUC | ||
| 005 | 20250103100414.0 | ||
| 008 | 170113t20110000sp |||||||||||||||||spa|d | ||
| 999 | |c 366926 |d 366924 | ||
| 020 | |a 978-84-08-10292-2 | ||
| 040 | |c Pontificia Universidad Católica de Valparaíso | ||
| 082 | 0 | 4 | |a 922.21 WEI 2011 |2 21 |
| 100 | |a Weigel, George |e autor |9 575183 | ||
| 245 | 1 | 0 | |a Juan Pablo II. El final y el principio. |b La biografía más esperada del papa que cambió el curso de la Historia. |
| 250 | |a Primera edición. | ||
| 260 | |a Barcelona, España: |b Planeta, |c 2010. | ||
| 300 | |a 616 páginas. | ||
| 490 | 0 | |a Planeta Testimonio. | |
| 500 | |a c.2 Donación Sr. Jorge Precht Pizarro. 26-05-23. Biblioteca Teología. | ||
| 583 | |a last modification |c 20170113 07:29:00 |k Rodrigo Vera | ||
| 600 | 0 | |a Juan Pablo II, |q (Wojtyła, Karol Józef), |c Papa |d 1920-2005 |v Biografía |9 866320 | |
| 650 | 0 | |a Iglesia Católica |x Papas |v Biografías |y Siglos 19 y 20 |9 256114 | |
| 700 | |9 883986 |a Fondevilla, Emma |e traducción | ||
| 700 | |9 883987 |a Muñiz Fonevilla, Olaya |e traducción | ||
| 942 | |c BK |2 ddc | ||
| 945 | |d 20170113 07:29:00 |a arojas | ||
| 952 | |0 0 |1 0 |2 ddc |3 erd |4 0 |6 922_210000000000000_WEI_2010 |7 0 |8 C |9 481575 |a BIBCUR |b BIBCUR |i 5359287 |l 1 |o 922.21 WEI 2010 |p 5359287 |r 2025-04-22 |s 2023-10-20 |w 2019-11-24 |y BK |z Catalogado en:20170113 |k CAC | ||
| 952 | |0 0 |1 0 |2 ddc |4 0 |6 922_210000000000000_WEI_2011 |7 0 |8 A |9 591054 |a BIBTEO |b BIBTEO |c GEN |d 2023-07-31 |e Donación |i 5658173 |l 1 |m 2 |o 922.21 WEI 2011 |p 5658173 |q 2025-05-30 |r 2025-03-18 |s 2025-03-18 |t 2 |w 2023-07-31 |y BK |k ICR | ||